000 00696nam a2200289Ia 4500
005 20260324111635.0
008 008 260324s9999 xx 000 0 eng d
020 _a9781003546665
037 _aEBOOK
040 _aCRL
040 _beng
040 _cCRL
041 _2eng
041 _aeng
084 _qCRL
100 _aLeszek J. Kaszubowski
_91139402
245 0 _aGeological History of the Baltic
245 0 _bVolume 2: Evolution of the Baltic Sea
260 _bTaylor and Francis
260 _c2025
365 _a
365 _b400
856 _uhttp://www.taylorfrancis.com/books/9781003546665
942 _cEBOOK
999 _c1728290
_d1728290